Nom latin des villes françaises - Statistiques

Statistiques générales
  • Ce quiz a été pris 78 fois
  • Le résultat moyen est 14 sur 22
Statistiques - réponses
Hint Réponse % Correct
Tolosa Toulouse
100%
Monspessulanum Montpellier
97%
Lutetia Paris
97%
Massilia Marseille
96%
Nicaea Nice
96%
Vienna Vienne
93%
Lugdunum Lyon
89%
Burdigala Bordeaux
80%
Isla Lille
75%
Nemausus Nîmes
68%
Condate Riedonum Rennes
65%
Divio Dijon
55%
Arelate Arles
52%
Rotomagus Rouen
48%
Avenio Avignon
46%
Nantios Nancy
41%
Aquae Sextiae Aix-en-Provence
39%
Cadomium Caen
35%
Quimperlacum Quimperlé
35%
Aquae Aix-les-Bains
28%
Arausio Orange
17%
Aquis Calidis Vichy
14%
Aucun quiz correspondant
Distribution des résultats
% des personnes avec chaque résultat
Percentile par nombre de réponses
Votre historique - résultats
Vous n’avez pas pris ce quiz